Sports Quiz

Random Sports or Hockey Quiz

Florida Panthers All-Time Top Scorers Quiz Stats

 Plays Quiz not verified by Sporcle

Score 0/20 Timer 05:00
0 Plays Today
Rank Player % Correct
1Olli Jokinen
93.1%
11Pavel Bure
91.6%
3Jonathan Huberdeau
86%
5Aleksander Barkov
85.1%
4Scott Mellanby
84.1%
2Stephen Weiss
83.5%
6Nathan Horton
73.2%
17Aaron Ekblad
71.7%
20Keith Yandle
63%
16Brian Campbell
60.6%
Rank Player % Correct
18David Booth
57%
14Jay Bouwmeester
54.8%
7Viktor Kozlov
51.4%
12Vincent Trocheck
49.4%
8Robert Svehla
49.2%
15Nick Bjugstad
46.8%
13Ray Whitney
46.4%
9Radek Dvorak
44.2%
10Rob Niedermayer
43%
19Bill Lindsay
24.9%

You're not logged in!

Compare scores with friends on all Sporcle quizzes.
OR
Log In

Show Comments

Extras

Top Quizzes Today


Score Distribution

Your Account Isn't Verified!

In order to create a playlist on Sporcle, you need to verify the email address you used during registration. Go to your Sporcle Settings to finish the process.

Report this User

Report this user for behavior that violates our Community Guidelines.

Details: